Statistics for Tunisia... Or France?

Click here to take the quiz!

General Stats

  • This quiz has been taken 51 times
  • The average score is 11 of 15

Answer Stats

QuestionAnswer% Correct
Which country borders the Medditeranean sea?Both
98%
Which country is bigger?France
98%
Which country has never won a world cupTunisia
96%
Which country colonized over 90 countries in it's history?France
83%
Which country has more olive oil?Tunisia
83%
Who has the highest maximum elevation?France
78%
Which country was Hannibal originally fromTunisia
78%
Who has the biggest amphitheatre?Tunisia
76%
Which country has at least 10 football/soccer clubs?Both
70%
Which country has won a regional cupBoth
65%
Which country was part of the french empire?Both
63%
Which country invented the Rubik's cube?None
63%
Which country has been gifted the statue of liberty?None
48%
In which country has Berber as an official language?None
43%
Which country has french as an administrative language?Tunisia
13%

Score Distribution

Percentile by Number Answered

Percent of People with Each Score

Your Score History

You have not taken this quiz